000 00881nas a2200253 4500
001 BR2010001863
003 BR-BrBNA
005 20231205114220.0
007 ta
008 230509b bl.|||p| |||| 00| 00por d
040 _aBR-BrBNA
_bpor
_cBiblioteca Nacional de Agricultura
041 _a(Pt)
072 _aF60; E50
100 1 _aCorrea, A.J.C.
100 1 _aLima, C.E.
100 1 _aCosta, M.C.C.D.
245 1 _aAlpinia zerumbet (Pers.)B.L. Burtt e R.M. Sm. (Zingiberaceae): levantamento de publicações na áreas farmacológicas e química para o período de 1987 a 2008
650 _aPLANTA MEDICINAL
650 _aFARMACOLOGIA
650 _aCOMPOSIÇÃO QUÍMICA
773 0 _tRevista Brasileira de Plantas Medicinais (Brazil)
_xISSN 1516-0572
_g(Feb 2010), v. 12(1) p. 113-119
_wBR2010001863
909 _a202311
_bLúcia
_c55
_dLúcia Elande
942 _2AGRIS
_n0
_cANA
999 _c207645
_d207645